<?xml version="1.0" encoding="UTF-8"?>
<record
    xmlns:xsi="http://www.w3.org/2001/XMLSchema-instance"
    xsi:schemaLocation="http://www.loc.gov/MARC21/slim http://www.loc.gov/standards/marcxml/schema/MARC21slim.xsd"
    xmlns="http://www.loc.gov/MARC21/slim">

  <leader>03198nam a2200373 i 4500</leader>
  <controlfield tag="001">000048180</controlfield>
  <controlfield tag="003">DO-SdBNP</controlfield>
  <controlfield tag="005">20260204104629.0</controlfield>
  <controlfield tag="007">ta</controlfield>
  <controlfield tag="008">181205s2014    dr ab         000 0 spa d</controlfield>
  <datafield tag="020" ind1=" " ind2=" ">
    <subfield code="z">9789945009798</subfield>
  </datafield>
  <datafield tag="040" ind1=" " ind2=" ">
    <subfield code="a">DO-SdBNP</subfield>
    <subfield code="b">spa</subfield>
    <subfield code="c">BNPHU</subfield>
    <subfield code="e">rda</subfield>
  </datafield>
  <datafield tag="041" ind1=" " ind2=" ">
    <subfield code="a">spa</subfield>
  </datafield>
  <datafield tag="082" ind1=" " ind2="4">
    <subfield code="a">306.097293</subfield>
    <subfield code="b">A333d 2014</subfield>
    <subfield code="2">22</subfield>
  </datafield>
  <datafield tag="100" ind1="1" ind2=" ">
    <subfield code="a">Albert Batista, Celsa,</subfield>
    <subfield code="d">1942-</subfield>
    <subfield code="e">autor</subfield>
    <subfield code="4">aut.</subfield>
    <subfield code="9">30639</subfield>
  </datafield>
  <datafield tag="245" ind1="1" ind2="0">
    <subfield code="a">Diversidad e identidad en Rep&#xFA;blica Dominicana /</subfield>
    <subfield code="c">Celsa Albert Batista ; pr&#xF3;logo, Mateo Morrison.</subfield>
  </datafield>
  <datafield tag="250" ind1=" " ind2=" ">
    <subfield code="a">Segunda edici&#xF3;n </subfield>
  </datafield>
  <datafield tag="264" ind1=" " ind2="4">
    <subfield code="a">Santo Domingo :</subfield>
    <subfield code="b">Ministerio de cultura;</subfield>
    <subfield code="b">Ediciones INDAASEL,</subfield>
    <subfield code="b">Universidad Cat&#xF3;lica Santo Domingo, UCSD,</subfield>
    <subfield code="c">&#xA9;2014.</subfield>
  </datafield>
  <datafield tag="300" ind1=" " ind2=" ">
    <subfield code="a">139 p&#xE1;ginas :</subfield>
    <subfield code="b">ilustraciones, mapas ;</subfield>
    <subfield code="c">22 cm.</subfield>
  </datafield>
  <datafield tag="336" ind1=" " ind2=" ">
    <subfield code="a">texto</subfield>
    <subfield code="b">txt</subfield>
    <subfield code="2">rdacontent</subfield>
  </datafield>
  <datafield tag="337" ind1=" " ind2=" ">
    <subfield code="a">sin mediaci&#xF3;n</subfield>
    <subfield code="b">n</subfield>
    <subfield code="2">rdamedia</subfield>
  </datafield>
  <datafield tag="338" ind1=" " ind2=" ">
    <subfield code="a">volumen</subfield>
    <subfield code="b">nc</subfield>
    <subfield code="2">rdacarrier</subfield>
  </datafield>
  <datafield tag="500" ind1=" " ind2=" ">
    <subfield code="a">Incluye datos biogr&#xE1;ficos de la autora en las solapas</subfield>
  </datafield>
  <datafield tag="500" ind1=" " ind2=" ">
    <subfield code="a">Incluye referencias bibliogr&#xE1;ficas y notas al pie de las p&#xE1;ginas</subfield>
  </datafield>
  <datafield tag="504" ind1=" " ind2=" ">
    <subfield code="a">Bibliograf&#xED;a: p&#xE1;ginas 127-139</subfield>
  </datafield>
  <datafield tag="505" ind1=" " ind2=" ">
    <subfield code="a">Dedicatoria, 7 -- Pr&#xF3;logo, 11 -- Prefacio, 15 -- Liminar, Elsa L&#xF3;pez, 27 -- Introducci&#xF3;n, 29 -- I-Algunos elementos significativos en el estudio de la diversidad en la identidad, 33 --Historia y cultura, 33 &#x2013; Valores, identidad y diversidad, 38 &#x2013; Educaci&#xF3;n, 45 &#x2013; II-Transformaci&#xF3;n hist&#xF3;rica de la Espa&#xF1;ola: Republica Dominicana, 51 &#x2013; La poblaci&#xF3;n Ind&#xED;gena: Encomienda y extracci&#xF3;n aur&#xED;fera en la colonia de la Espa&#xF1;ola, 51 &#x2013; Relaciones sociales de producci&#xF3;n esclavista durante la Colonia y la identidad social (industria azucarera y hato ganadero),55 -- El mestizaje, 56 &#x2013; Reacci&#xF3;n antiesclavista de los africanos y africanas, 58 &#x2013; Colonia Francesa de Saint Domingue y Colonia, siglos XVII y XVIII, 60 &#x2013; La Revoluci&#xF3;n Francesa y su repercusi&#xF3;n en las dos colonias: Colonia Francesa de Saint Domingue y Colonia Espa&#xF1;ola de Santo Domingo, 63 &#x2013; La Espa&#xF1;ola Boba, 65 &#x2013; Independencia Ef&#xED;mera; Hait&#xED; Espa&#xF1;ol, 66 &#x2013; Presencia haitiana en la Parte Oriental de la Isla, 67 &#x2013; Independencia nacional, 68 &#x2013; III-La procedencia de los elementos &#xE9;tnicos del pueblo dominicano, 73 &#x2013; Diversidad en la cultura dominicana, 74 &#x2013; La presencia ind&#xED;gena, 76 &#x2013; Contribuci&#xF3;n hispana a la cultura dominicana, 79 &#x2013; Presencia africana en la cultura dominicana, 82 &#x2013; Elementos de origen asi&#xE1;tico en la cultura dominicana, 84 &#x2013; IV-Creatividad, recreaci&#xF3;n y sincretismo cultural como fuente que propicia la diversidad en la identidad dominicana, 87 &#x2013; Danzas, bailes y sus influencias en la Republica Dominicana, 91 &#x2013; Otras caracter&#xED;sticas de la religiosidad dominicana, 96 &#x2013; Sincretismo en la literatura y otras manifestaciones del arte, 99 &#x2013; V-Transitar por la diacron&#xED;a para llegar a la sincron&#xED;a, 107 -- Al final, 113 -- Glosario, 121</subfield>
  </datafield>
  <datafield tag="590" ind1=" " ind2=" ">
    <subfield code="a">Inventariado, 2019/BT</subfield>
  </datafield>
  <datafield tag="650" ind1=" " ind2="4">
    <subfield code="a">Identidad cultural</subfield>
    <subfield code="z">Rep&#xFA;blica Dominicana</subfield>
    <subfield code="9">1946</subfield>
  </datafield>
  <datafield tag="650" ind1=" " ind2="4">
    <subfield code="a">Etnicidad</subfield>
    <subfield code="z">Rep&#xFA;blica Dominicana</subfield>
    <subfield code="9">7738</subfield>
  </datafield>
  <datafield tag="650" ind1=" " ind2="4">
    <subfield code="a">Multiculturismo</subfield>
    <subfield code="9">72662</subfield>
  </datafield>
  <datafield tag="700" ind1="1" ind2=" ">
    <subfield code="a">Morrison, Mateo,</subfield>
    <subfield code="d">1947-</subfield>
    <subfield code="e">prologuista</subfield>
    <subfield code="9">1469</subfield>
    <subfield code="4">pr.</subfield>
  </datafield>
  <datafield tag="910" ind1=" " ind2=" ">
    <subfield code="a">Validado. Control de calidad. MFF</subfield>
  </datafield>
  <datafield tag="942" ind1=" " ind2=" ">
    <subfield code="2">ddc</subfield>
    <subfield code="c">LBS1</subfield>
  </datafield>
  <datafield tag="952" ind1=" " ind2=" ">
    <subfield code="0">0</subfield>
    <subfield code="1">0</subfield>
    <subfield code="2">ddc</subfield>
    <subfield code="5">6</subfield>
    <subfield code="7">0</subfield>
    <subfield code="8">DS</subfield>
    <subfield code="a">BNPHU</subfield>
    <subfield code="b">BNPHU</subfield>
    <subfield code="c">HD</subfield>
    <subfield code="d">2018-12-05</subfield>
    <subfield code="l">0</subfield>
    <subfield code="o">BNPHU DS 306.097293 A333d 2014</subfield>
    <subfield code="p">48180-30</subfield>
    <subfield code="r">2020-06-25</subfield>
    <subfield code="t">e. 3</subfield>
    <subfield code="w">2020-06-25</subfield>
    <subfield code="y">LBS1</subfield>
    <subfield code="Z">Pr&#xE9;stamo en sala</subfield>
  </datafield>
  <datafield tag="952" ind1=" " ind2=" ">
    <subfield code="0">0</subfield>
    <subfield code="1">0</subfield>
    <subfield code="2">ddc</subfield>
    <subfield code="5">1</subfield>
    <subfield code="7">0</subfield>
    <subfield code="8">PD</subfield>
    <subfield code="a">BNPHU</subfield>
    <subfield code="b">BNPHU</subfield>
    <subfield code="c">HD</subfield>
    <subfield code="d">2018-12-05</subfield>
    <subfield code="l">0</subfield>
    <subfield code="o">BNPHU PD 306.097293 A333d 2014</subfield>
    <subfield code="p">48180-10</subfield>
    <subfield code="r">2020-06-25</subfield>
    <subfield code="w">2020-06-25</subfield>
    <subfield code="y">LBS1</subfield>
    <subfield code="Z">No se presta</subfield>
  </datafield>
  <datafield tag="952" ind1=" " ind2=" ">
    <subfield code="0">0</subfield>
    <subfield code="1">0</subfield>
    <subfield code="2">ddc</subfield>
    <subfield code="5">1</subfield>
    <subfield code="7">0</subfield>
    <subfield code="8">PD</subfield>
    <subfield code="a">BNPHU</subfield>
    <subfield code="b">BNPHU</subfield>
    <subfield code="c">HD</subfield>
    <subfield code="d">2018-12-05</subfield>
    <subfield code="l">0</subfield>
    <subfield code="o">BNPHU PD 306.097293 A333d 2014</subfield>
    <subfield code="p">48180-20</subfield>
    <subfield code="r">2020-06-25</subfield>
    <subfield code="t">e. 2</subfield>
    <subfield code="w">2020-06-25</subfield>
    <subfield code="y">LBS1</subfield>
    <subfield code="Z">No se presta</subfield>
  </datafield>
  <datafield tag="952" ind1=" " ind2=" ">
    <subfield code="0">0</subfield>
    <subfield code="1">0</subfield>
    <subfield code="2">ddc</subfield>
    <subfield code="5">6</subfield>
    <subfield code="7">0</subfield>
    <subfield code="8">DS</subfield>
    <subfield code="a">BNPHU</subfield>
    <subfield code="b">BNPHU</subfield>
    <subfield code="c">HD</subfield>
    <subfield code="d">2026-01-30</subfield>
    <subfield code="e">Donado por la Presidencia de la Rep&#xFA;blica Dominicana 2023.</subfield>
    <subfield code="l">0</subfield>
    <subfield code="o">BNPHU DS 306.097293 A333d 2014</subfield>
    <subfield code="p">2026-0495</subfield>
    <subfield code="r">2026-01-30</subfield>
    <subfield code="t">e. 4</subfield>
    <subfield code="w">2026-01-30</subfield>
    <subfield code="y">LBS1</subfield>
    <subfield code="z">Pertenecio a la biblioteca personal de Emilio Cordero Michel.</subfield>
  </datafield>
  <datafield tag="999" ind1=" " ind2=" ">
    <subfield code="c">47668</subfield>
    <subfield code="d">47668</subfield>
  </datafield>
</record>
